Statistics for Country Logic Puzzle by Scambigol #13

Click here to take the quiz!

General Stats

  • This quiz has been taken 139 times
  • The average score is 18 of 24

Answer Stats

Country% Correct
Oman
94%
Yemen
91%
Chad
91%
Trinidad and Tobago
88%
United Arab Emirates
84%
Fiji
84%
Laos
82%
Grenada
79%
Israel
78%
Qatar
78%
Spain
78%
Djibouti
77%
Papua New Guinea
77%
Ethiopia
75%
Brunei
74%
Jordan
71%
Austria
71%
Vietnam
70%
Hungary
69%
Niger
68%
Zambia
66%
Kiribati
66%
Republic of the Congo
62%
Malaysia
61%

Score Distribution

Percentile by Number Answered

Percent of People with Each Score

Your Score History

You have not taken this quiz